| 000 | 00553nam a22001457a 4500 | ||
|---|---|---|---|
| 020 | _a- | ||
| 082 | _a954.035 MAL | ||
| 100 | _aMalik, Nadeem Shafiq Dr. | ||
| 245 | _aThe Quadi-i-Azam Muhammad Ali Jinnah: The all India Muslim League and the achievement of Pakistan (1940-47) | ||
| 260 |
_aKarachi _bFiction House _c2015 |
||
| 300 |
_aviii,368 p. _bill: |
||
| 500 | _aIncludes bibliographical references. | ||
| 650 | _a1. All India Muslim League. 2. Muslim---Political activity---India. 3. India---Politics and government---1919-1947. | ||
| 942 | _cBK | ||
| 999 |
_c13567 _d13567 |
||